Pre klientov je elektronické bankovníctvo zatiaľ zložité
Percento bankových klientov využívajúcich elektronické bankovníctvo je stále malé. Výhodnejšie poplatky pre klientov pri použití alternatívnych elektronických kanálov. Využívanie bankomatov. Populácia považuje internetové bankovníctvo za moderné, ale ľudia ho využívajú veľmi málo. Bariéry internetu....
Guardado en:
| Autor principal: | |
|---|---|
| Otros Autores: | |
| Formato: | Capítulo de libro |
| Lenguaje: | eslovaco |
| Materias: | |
| Etiquetas: |
Sin Etiquetas, Sea el primero en etiquetar este registro!
|
MARC
| LEADER | 00000naa a2200000 4500 | ||
|---|---|---|---|
| 001 | r047437 | ||
| 005 | 20230921113553.2 | ||
| 041 | 0 | |a slo | |
| 044 | |a SK | ||
| 245 | 1 | 0 | |a Pre klientov je elektronické bankovníctvo zatiaľ zložité |c Jana Vavřinková, Jana Stovíčková |
| 520 | |a Percento bankových klientov využívajúcich elektronické bankovníctvo je stále malé. Výhodnejšie poplatky pre klientov pri použití alternatívnych elektronických kanálov. Využívanie bankomatov. Populácia považuje internetové bankovníctvo za moderné, ale ľudia ho využívajú veľmi málo. Bariéry internetu. Ľudí odrádza od internetového kanála predstava o jeho zložitosti. | ||
| 610 | 2 | 0 | |a bankovníctvo elektronické |
| 610 | 2 | 0 | |a internetbanking |
| 610 | 2 | 0 | |a poplatky |
| 610 | 2 | 0 | |a motivácia |
| 610 | 2 | 0 | |a klienti |
| 100 | 1 | |a Vavřinková, Jana | |
| 700 | 1 | |a Stovíčková, Jana | |